000 00861nam a2200277Ia 4500
003 OSt
005 20221006160212.0
006 a|||||r|||| 00| 0
007 ta
008 221006b |||||||| |||| 00| 0 eng d
020 _a9781462032273
_c
_11.95
024 _a44,601
037 _bGift, KCC (Window on Korea)
_cTextual
040 _aEASL
_cEASL
_beng
041 _2eng
_aeng
082 _aY7495.73, Q1
100 _aHong Dorothy M.
_9672375
245 0 _aUS naturalized citizen
_b Korean experiences and American experiences (Documentary)
260 _aBloomington
_biuniverse,inc Korea
_c2011
300 _a140p.
_ccm.
490 _v KEL
650 _a KEL
650 _aAsian Korean studies and meetings
_9672376
942 _hY7495.73, Q1
_cTEXL
_2CC
999 _c1112693
_d1112693